Process biotechnology fundamentals (Record no. 395241)

MARC details
000 -LEADER
fixed length control field 00544 a2200217 4500
005 - DATE & TIME
control field 20260216154211.0
008 - FIXED-LENGTH DATA ELEMENTS--GENERAL INFORMATION
fixed length control field 260216b |||||||| |||| 00| 0 eng d
020 ## - ISBN
International Standard Book Number 9789387692480
Price Rs. 1995.00
040 ## - CATALOGING SOURCE
Original cataloging agency VIVEKANANDA LIBRARY
082 ## - DDC NUMBER
Classification number 660.0
Book Number M896P(4)
100 ## - MAIN ENTRY--PERSONAL NAME
Personal name Mukhopadhyay, S N
110 ## - MAIN ENTRY--CORPORATE NAME
Corporate name
245 ## - TITLE STATEMENT
Title Process biotechnology fundamentals
250 ## - EDITION STATEMENT
Edition statement 4th
260 ## - PUBLICATION, DISTRIBUTION, ETC. (IMPRINT)
Name of publisher, distributor, etc Viva Books
Place of publication, distribution, etc New Delhi
Date of publication, distribution, etc 2026
300 ## - PHYSICAL DESCRIPTION
Pages xx, 646
650 ## - Subject
Subject Biotechnology
650 ## - Subject
Subject Fermentation
650 ## - Subject
Subject Biochemical Engineering
942 ## - ADDED ENTRY ELEMENTS (KOHA)
Koha item type Books
Holdings
Withdrawn status Lost status Source of classification or shelving scheme Damaged status Not for loan Location (home branch) Sublocation or collection (holding branch) Shelving location Date acquired Koha issues (times borrowed) Koha full call number Accession No. Koha date last seen Koha item type
    Dewey Decimal Classification     VIVEKANANDA LIBRARY VIVEKANANDA LIBRARY Vivekananda Library 28/01/2026   660.0 M896P(4) 444929 28/01/2026 Books
    Dewey Decimal Classification     VIVEKANANDA LIBRARY VIVEKANANDA LIBRARY Vivekananda Library 28/01/2026   660.0 M896P(4) 444927 28/01/2026 Books
    Dewey Decimal Classification     VIVEKANANDA LIBRARY VIVEKANANDA LIBRARY Vivekananda Library 28/01/2026   660.0 M896P(4) 444928 28/01/2026 Books
    Dewey Decimal Classification     VIVEKANANDA LIBRARY VIVEKANANDA LIBRARY Vivekananda Library 28/01/2026   660.0 M896P(4) 444930 28/01/2026 Books
    Dewey Decimal Classification     VIVEKANANDA LIBRARY VIVEKANANDA LIBRARY Vivekananda Library 28/01/2026   660.0 M896P(4) 444926 28/01/2026 Books
© Designed and Maintained by Vivekananda Library, MDU Rohtak